| 000 | 00817nam a2200217 a 4500 | ||
|---|---|---|---|
| 001 | 000018908 | ||
| 003 | AM-YEHGA | ||
| 005 | 20250617120716.0 | ||
| 008 | 981112s1971 ai |||||||||||||||||arm d | ||
| 040 | _aAM-YeHGA | ||
| 041 | 0 | _aarm | |
| 100 | 1 | _aՍմելյակով, Նիկոլայ. | |
| 245 | 1 | 0 |
_aԳործարար Ամերիկա : _b(Ինժեների գրառումներ) / _cՆ. Սմելյակով ; Թարգմ.՝ Ա.Ա. Լյուլիկյան ; Խմբ.՝ Ս.Գ. Մարգարյան. |
| 260 |
_aԵրևան : _bՀայաստան, _c1971. |
||
| 300 |
_a484 էջ. : _bնկ. ; _c21 սմ. |
||
| 650 | 1 | 4 |
_aԱռանձին երկրների էկոնոմիկա _xԱՄՆ |
| 700 | 1 |
_aԼյուլիկյան, Ա.Ա. _eթարգմ. _4trl |
|
| 700 | 1 |
_aՄարգարյան, Ս.Գ. _eխմբ. _4edt |
|
| 942 |
_2udc _cBK |
||
| 090 | _c6372 | ||
| 999 |
_c6328 _d6328 |
||